Every Emoji from the "people" section (according to Discord) - Statistics

General Stats
  • This quiz has been taken 19 times
  • The average score is 61 of 485
Answer Stats
Answer % Correct
smile
91%
cry
73%
poop
73%
kiss
55%
laughing
55%
man
55%
skull
55%
v
55%
woman
55%
baby
45%
boy
45%
ear
45%
eye
45%
firefighter
45%
girl
45%
grin
45%
nose
45%
police officer/cop
45%
sick
45%
sunglasses
45%
teacher
45%
thumbs down
45%
thumbs up
45%
alien
36%
angel/baby angel
36%
angry
36%
astronaut
36%
athletic shoe/running
36%
boot/womans boot
36%
brain
36%
clown
36%
construction worker
36%
cook
36%
detective/spy
36%
dress
36%
eyeglasses/glasses
36%
foot
36%
ghost
36%
judge
36%
kissing
36%
leg
36%
lips/mouth
36%
mermaid
36%
merman
36%
middle finger
36%
neutral face
36%
ninja
36%
older woman/grandma
36%
pregnant man
36%
robot
36%
scarf
36%
scientist
36%
shirt/t shirt
36%
shorts
36%
superhero
36%
tongue
36%
tooth
36%
artist
27%
bikini
27%
blush
27%
coat
27%
crown
27%
dancer/woman dancing
27%
elf
27%
eyes
27%
face vomiting
27%
fairy
27%
family
27%
farmer
27%
fist
27%
gloves
27%
goggles
27%
guard
27%
heart eyes
27%
jeans
27%
lungs
27%
nerd
27%
open mouth
27%
pilot
27%
pray
27%
pregnant woman
27%
prince
27%
princess
27%
purse
27%
ring
27%
rofl
27%
sandal/womans sandal
27%
santa/santa claus
27%
singer
27%
sleeping
27%
smiley
27%
sneeze
27%
socks
27%
star struck
27%
student
27%
sweat
27%
tired face
27%
worried
27%
yarn
27%
adult/person
18%
child
18%
clap
18%
cold face
18%
confused
18%
couple
18%
cowboy
18%
crying cat
18%
dizzy face
18%
face with raised eyebrow
18%
footprints
18%
frowning
18%
frowning2
18%
genie
18%
grinning
18%
handshake
18%
high heel
18%
hot face
18%
hugging
18%
imp
18%
innocent
18%
jack o lantern
18%
joy
18%
lipstick
18%
luggage
18%
man construction worker
18%
man firefighter
18%
man mechanic
18%
man police officer
18%
man scientist
18%
man teacher
18%
mask
18%
mechanic
18%
people holding hands
18%
person getting haircut/haircut
18%
person kneeling
18%
person raising hand/raising hand
18%
person running/runner
18%
person walking/walking
18%
person with probing cane
18%
pregnant person
18%
saluting face
18%
scream
18%
slight smile
18%
smiling imp
18%
sob
18%
thermometer face
18%
thinking
18%
thread
18%
tophat
18%
upside down
18%
vampire
18%
woman construction worker
18%
woman firefighter
18%
woman mechanic
18%
woman police officer
18%
woman scientist
18%
woman teacher
18%
zombie
18%
astonished
9%
biting lip
9%
blond haired man
9%
blond haired person
9%
blond haired woman
9%
breast feeding
9%
briefcase
9%
call me
9%
couplekiss
9%
couple mm
9%
couple ww
9%
dark sunglasses
9%
disappointed
9%
disguised face
9%
ear with hearing aid
9%
face holding back tears
9%
face with diagonal mouth
9%
face with spiral eyes
9%
face with symbols over mouth
9%
family mmb
9%
family mmbb
9%
family mmg
9%
family mmgb
9%
family mmgg
9%
family mwb
9%
family mwbb
9%
family mwg
9%
family mwgb
9%
family mwgg
9%
family wwb
9%
family wwbb
9%
family wwg
9%
family wwgb
9%
family wwgg
9%
fearful
9%
goblin
9%
grimacing
9%
head bandage
9%
health worker
9%
heart eyes cat
9%
heart hands
9%
joy cat
9%
kimono
9%
kissing smiling eyes
9%
knot
9%
lab coat
9%
love you gesture
9%
man astronaut
9%
man bald
9%
man beard
9%
man cook
9%
man curly haired
9%
man dancing/male dancer
9%
man detective
9%
man elf
9%
man farmer
9%
man feeding baby
9%
man gesturing no
9%
man gesturing ok
9%
man guard
9%
man health worker
9%
man in motorized wheelchair
9%
man judge
9%
man kneeling
9%
man office worker
9%
man pilot
9%
man red haired
9%
man singer
9%
man student
9%
man superhero
9%
man supervillain
9%
man with probing cane
9%
mechanical arm
9%
mechanical leg
9%
melting face
9%
merperson
9%
metal
9%
military helmet
9%
muscle
9%
office worker
9%
ogre
9%
ok hand
9%
older adult/older person
9%
old man
9%
pensive
9%
people hugging
9%
people with bunny ears partying/dancers
9%
person bald
9%
person beard
9%
person curly hair
9%
person face palming/facepalm
9%
person feeding baby
9%
person gesturing no/no good
9%
person gesturing ok
9%
person in motorized wheelchair
9%
person red hair
9%
person shrugging/shrug
9%
person standing
9%
pleading face
9%
point down
9%
point left
9%
point right
9%
point up
9%
point up 2
9%
pouting cat
9%
punch
9%
rage
9%
relaxed
9%
relieved
9%
rolling eyes
9%
school satched/backpack
9%
skull crossbones
9%
sleepy
9%
slight frown
9%
smile cat
9%
smiley cat
9%
smiling face with 3 hearts
9%
smiling face with tear
9%
smirk
9%
smirk cat
9%
stuck out tongue
9%
stuck out tongue winking eye
9%
supervillain
9%
sweat smile
9%
troll
9%
two men holding hands
9%
two women holding hands
9%
unamused
9%
wave
9%
wink
9%
woman astronaut
9%
woman bald
9%
woman beard
9%
woman cook
9%
woman curly haired
9%
woman detective
9%
woman elf
9%
woman farmer
9%
woman feeding baby
9%
woman gesturing no
9%
woman gesturing ok
9%
woman guard
9%
woman health worker
9%
woman in motorized wheelchair
9%
woman judge
9%
woman kneeling
9%
woman office worker
9%
woman pilot
9%
woman red haired
9%
woman singer
9%
woman student
9%
woman superhero
9%
woman supervillain
9%
woman with probing cane
9%
writing hand
9%
yawning face
9%
zany face
9%
anatomical heart
0%
anguished
0%
back of hand
0%
billed cap
0%
briefs
0%
bust in silhouette
0%
busts in silhouette
0%
closed umbrella
0%
cold sweat
0%
confounded
0%
couple with heart
0%
couple with heart woman man
0%
deaf man
0%
deaf person
0%
deaf woman
0%
disappointed relieved
0%
dotted line face
0%
drool
0%
exploding head
0%
expressionless
0%
face exhaling
0%
face in clouds
0%
face with hand over mouth
0%
face with monocle
0%
face with open eyes and hand over mouth
0%
face with peeking eye
0%
factory worker
0%
family mb
0%
family mbb
0%
family mg
0%
family mgb
0%
family mgg
0%
family wb
0%
family wbb
0%
family wg
0%
family wgb
0%
family wgg
0%
fingers crossed
0%
flushed
0%
handbag
0%
hand splayed
0%
hand wiht index finger and thumb crossed
0%
helmet with cross
0%
hiking boot
0%
hushed
0%
index pointing at the viewer
0%
kissing cat
0%
kissing closed eyes
0%
kissing hearts
0%
kiss mm
0%
kiss woman man
0%
kiss ww
0%
left fist
0%
leftwards hand
0%
leftwards pushing hand
0%
levitate/man in business suit levitating
0%
liar
0%
mage
0%
man artist
0%
man bowing
0%
man face palming
0%
man factory worker
0%
man fairy
0%
man frowning
0%
man genie
0%
man getting face massage
0%
man getting haircut
0%
man in manual wheelchair
0%
man in steamy room
0%
man in tuxedo
0%
man mage
0%
man pouting
0%
man raising hand
0%
man running
0%
man shrugging
0%
mans shoe
0%
man standing
0%
man technologist
0%
man tipping hand
0%
man vampire
0%
man walking
0%
man wearing turban
0%
man white haired
0%
man with bunny ears partying
0%
man with chinese cap
0%
man with veil
0%
man zombie
0%
money mouth
0%
mortar board
0%
mrs claus/mother christmas
0%
mx claus
0%
nail care/nail polish
0%
necktie
0%
no mouth
0%
one piece swimsuit
0%
open hands
0%
palm down hand
0%
palms up together
0%
palm up hand
0%
partying face
0%
persevere
0%
person bowing/bow
0%
person frowning
0%
person getting massage/massage
0%
person in manual wheelchair
0%
person in steamy room
0%
person in tuxedo
0%
person pouting
0%
person tipping hand/information desk person
0%
person wearing turban
0%
person white hair
0%
person with crown
0%
person with veil
0%
pinched fingers
0%
pinching hand
0%
pouch/clutch bag
0%
raised hand
0%
raised hands
0%
right fist
0%
rightwards hand
0%
rightwards pushing hand
0%
safety vest
0%
sari
0%
scream cat
0%
selfie
0%
sewing needle
0%
shaking face
0%
shushing face
0%
space invader
0%
speaking head
0%
stuck out tongue closed eyes
0%
technologist
0%
thong sandal
0%
triumph
0%
vulcan
0%
weary
0%
woman artist
0%
woman bowing
0%
woman face palming
0%
woman factory worker
0%
woman fairy
0%
woman frowning
0%
woman genie
0%
woman getting face massage
0%
woman getting haircut
0%
woman in manual wheelchair
0%
woman in steamy room
0%
woman in tuxedo
0%
woman mage
0%
woman pouting
0%
woman raising hand
0%
woman running
0%
womans clothes
0%
womans flat shoe/flat shoe
0%
womans hat
0%
woman shrugging
0%
woman standing
0%
woman technologist
0%
woman tipping hand
0%
woman vampire
0%
woman walking
0%
woman wearing turban
0%
woman white haired
0%
woman with bunny ears partying
0%
woman with headscarf
0%
woman with veil
0%
woman zombie
0%
woozy face
0%
yum
0%
zipper mouth
0%
No matching quizzes found
Score Distribution
Percent of People with Each Score
Percentile by Number Answered
Your Score History
You have not taken this quiz